Body Language - Skin - Statistics

General Stats
  • This quiz has been taken 263 times
  • The average score is 7 of 15
Answer Stats
Hint Answer % Correct
Controversial NFL team name Redskins
87%
Anorexics often think they are never ______ enough Skinny
86%
Beware a wolf in this Sheepskin
81%
Slang for a football (US) Pigskin
78%
Counterculture member, often a white supremacist Skinhead
65%
A "painted on" dress is _________ Skintight
62%
Davey Crockett's hat Coonskin
55%
Miser Skinflint
52%
The bris is the "end" of this Foreskin
41%
A thin, light-weight, strong, often translucent paper Onionskin
22%
Deer hide Buckskin
21%
Supernintendo Chalmers says this regularly Skinner
19%
Brand of journal Moleskine
18%
Waterproof garment, often seen in Australia Oilskin
15%
The most diverse family of lizards (1500+ species) Skink
11%
No matching quizzes found
Score Distribution
Percent of People with Each Score
Percentile by Number Answered
Your Score History
You have not taken this quiz